01237nam a2200241 a 450000100100000000500170001000800410002702000150006804000250008308200150010811000870012324501970021026001290040730000240053649000620056050000740062250400310069670000330072770000410076083000690080195201080087099900170097800004187720201002035815.0131018s2001 sp a 000 0 spa d a8400079604 aDO-SdBNPbspacBNPHU axxxbP153p1 aColoquio Internacional sobre la Literatura de Cordeln(1st :d2000cMadrid)96876610aPalabras para el Pueblo :bLa colección de pliegos del CSIC : fondos de la imprenta Hernando /ccoordinador, Luis Díaz G. Viana ; edición a cargo de Araceli Godino Loópez ... [et al.]. aMadrid :bConsejo Superior de Investigaciones Científicas,bDepartamento de Antropología de España y América,c2001. av. :bil. ;c25 cm.1 aBiblioteca de dialectología y tradiciones popularesv33 aIncluye referencias bibliográficas y notas al pie de las páginas. aBibliografía: p. 755-7751 aDíaz G. Viana, Luis94342612aGodino Loópez, Aracelieed.968767 0aBiblioteca de dialectología y tradiciones popularesn33968768 001050718MOaGRbGRcCTd2013-10-18iLF1l0ov. 2p41877-10r2020-06-25w2020-06-25y1ZNo se presta c41366d41366